MDQL
is popping MORE tags! Check the
thread
!
Quizzes
Events
Quiz Creation
Community
Videos
Private Events
Remove Ads
Sign In
Join for FREE
Feedback
Dark Mode
Quiz Categories
Sports
Geography
Music
Movies
Television
Just For Fun
Miscellaneous
History
Literature
Language
Science
Gaming
Entertainment
Religion
Holiday
For Kids
Quiz Lab
Recent
Popular Today
Quiz Kudos Today
Editor Picks
Curator Picks
Quizzes by...
Day
Popularity
Type
Ratings
Length
Year
Community
Subscriptions
Recent Discussions
Orange Saloon
Badges
Playlists
Quests
Create
Leaderboards
Showdown
Live 5
Trivia Bingo
Activity
Puzzle Library
Sporcle Events
Private Events
Virtual Trivia
Globe League
Become a Host
Pub Owners
SporcleCon
Opinionation
Our Games
Videos
Blog
Mobile Apps
Partnerships
Remove Ads and Go Orange
Feedback
Miscellaneous
Crossword
General Knowledge
Baby Names
Logo
Food
Cars
Numbers
Grab Bag
University
College
Popular
Company
Slogans
Restaurants
Justice
Letter
Miscellaneous
Crossword
General Knowledge
Baby Names
Logo
Food
Cars
Numbers
Grab Bag
University
College
Popular
Company
Slogans
Restaurants
Justice
Letter
Random Quiz
Search Sporcle
×
Quiz Lab
Quiz Lab
Miscellaneous
Computer
Type in answers that appear in a list
Type in answers that appear in a list
Classic
Best Score? Go Orange.
Python Keywords (3.5) Stats
Can you name the Python 3.5 Keywords ?
By
chadaldrich
10m
33 Questions
638 Plays
638 Plays
638 Plays
Comments
Comments
Give Quiz Kudos
Give Quiz Kudos
-
- Ratings
hide this ad
Replay
Link that replays current quiz
Next Quiz
Link to next quiz in quiz playlist
You Got
0%
They Got
Avg Score
80%
Avg Friend Score
Upgrade to see
Score Distribution
Jump to the score distribution portion of the page
Score
0/33
Timer
10:00
2
Plays Today
Answer
% Correct
if
94%
in
93.9%
else
93.6%
for
93.6%
while
92%
def
91.5%
elif
90.8%
import
88.4%
and
87.6%
as
85.9%
or
83.9%
True
82.6%
class
82.6%
from
82.6%
False
82.4%
except
81.7%
try
81.3%
Answer
% Correct
not
81.2%
return
81.2%
break
79.5%
is
78.2%
with
76.8%
continue
76.2%
None
75.1%
yield
74.1%
raise
70.7%
finally
70.4%
lambda
69.3%
pass
69.1%
assert
68.7%
del
67.2%
global
64.9%
nonlocal
60.3%
Quiz Playlist
Details
Report
Send in Message
Add To Playlist
Classic:
Type in answers that appear in a list
Last Updated: Feb 16, 2017
Quiz Scoreboard
CHALLENGE
Sign Up to Join the Scoreboard
Show All
Scores
Hide
Comments
May contain spoilers
Recently Published
Street Fighter Characters
by Artimus82
Gaming
60s
9x9 Crossword: Cartoon Network
by jackfrog10
Miscellaneous
3m
College Basketball Coaching Resumes
by pancakes188
Sports
9m
More to Explore
Quiz From the Vault
Featured Blog Post
Where Did the Easter Bunny Come From?
hide this ad
You Might Also Like...
Tags
Computer Quiz
Python
Today's Top Quizzes in Miscellaneous
Browse Miscellaneous
hide this ad
Today's Top Quizzes in Computer
Browse Computer
Top Contributed Quizzes in Miscellaneous
1
5-to-1: Fast Food
2
The JOE quick-fire general knowledge quiz: Day 174
3
The JOE quick-fire general knowledge quiz: Day 173
4
5-to-1: Cocktails
5
The JOE quick-fire general knowledge quiz: Day 172
6
9x9 Crossword: Disney Movie Titles
7
Sunday Crossword: Famous Bodies of Water
8
9x9 Crossword: Charlie and the Chocolate Factory
9
The JOE quick-fire general knowledge quiz: Day 171
10
One Thing in Common: United Kingdom II
Explore More
Trending Topics
Disney
Kpop
Marvel
NBA
Harry Potter
Crossword
Anime
Country
WWE
Soccer
Pokémon
Puzzle
NFL
Song
The Office
hide this ad
More By:
chadaldrich
Quiz
Plays
Rating
Category
Featured
Created
Python Keywords (3.5)
638
4.00
Miscellaneous
Sep 6, 2016
SE 8 Java.lang Package
97
Miscellaneous
Jan 10, 2018
SE 8 Javax Packages
70
Miscellaneous
Nov 26, 2017
Java SE8 Org Packages
39
Miscellaneous
Nov 28, 2017
Python String Methods (3.5)
20
Miscellaneous
Sep 8, 2016
Go to Creator's Profile
Score Distribution
Quiz Creator Spotlight
chadaldrich
Follow
Send a Message
Quizzes Created
-
Created Quiz Play Count
-
More By This Creator
Popular Quizzes Today
1
Find the US States - No Outlines Minefield
2
Find the Countries of Europe - No Outlines Minefield
3
The Countries of the World
4
Find the US States
5
Risky Map Clicking: Biggest States A-Z
6
US States
7
Popular People in 1961
8
Movies - When Are They Set?
More Miscellaneous Quizzes
Chain-Link Trivia Blitz III
Curator's Pick
Trending Quizzes
Risky Map Clicking: Least Populous States A-Z
Countries of the World: 200 Million BC
Billboard Blitz: Aretha Franklin
1-10 Letter G Words
Famous Russians: Author or Composer?
Recently Updated
Leaping Animals
pecheneg
Reality TV Shows (A-Z)
bhenderson79
Rickey Henderson's Hall of Fame Teammates
pecheneg
Champions League XIs: Arsenal
pecheneg
Quick Pick: Celebrities in WWE's Hall of Fame
aduchscher
A-Z Keypad Blitz II
pecheneg
Multiple Oscar Actors
pecheneg
Mystery Phrase Blitz: Oscar 'Best Actors'
pecheneg
F. Scott Fitzgerald Novels
LTH
Pick 3 Villains
ddd62291
Trending Topics
Kpop
Anime
Marvel
Disney
NBA
Harry Potter
Crossword
Country
Song
WWE
NFL
The Office
Soccer
Puzzle
Pokémon
Your Account Isn't Verified!
In order to create a playlist on Sporcle, you need to verify the email address you used during registration. Go to your
Sporcle Settings
to finish the process.
Report this User
Report this user for behavior that violates our
Community Guidelines
.
Details:
Send Report
Go to the Sporcle.com Mobile Site →
Comments